Die Jugoslawische Wirtschaft. (Record no. 744)
[ view plain ]
| 000 -LEADER | |
|---|---|
| fixed length control field | 00650nam a22002657i 4500 |
| 001 - CONTROL NUMBER | |
| control field | 753 |
| 003 - CONTROL NUMBER IDENTIFIER | |
| control field | OSt |
| 005 - DATE AND TIME OF LATEST TRANSACTION | |
| control field | 20180914125325.0 |
| 007 - PHYSICAL DESCRIPTION FIXED FIELD--GENERAL INFORMATION | |
| fixed length control field | tu |
| 008 - FIXED-LENGTH DATA ELEMENTS--GENERAL INFORMATION | |
| fixed length control field | 161220s1988 gw ||||| |||| ||| ||ger|d |
| 020 ## - INTERNATIONAL STANDARD BOOK NUMBER | |
| International Standard Book Number | 3-925450-08-4 |
| 024 7# - OTHER STANDARD IDENTIFIER | |
| Standard number or code | 752 |
| Source of number or code | RID |
| 024 7# - OTHER STANDARD IDENTIFIER | |
| Standard number or code | 753 |
| Source of number or code | RSN (alt) |
| 024 7# - OTHER STANDARD IDENTIFIER | |
| Standard number or code | 5795 |
| Source of number or code | RID |
| 024 7# - OTHER STANDARD IDENTIFIER | |
| Standard number or code | 5795 |
| Source of number or code | RSN (alt) |
| 040 ## - CATALOGING SOURCE | |
| Transcribing agency | OSt |
| 041 ## - LANGUAGE CODE | |
| Language code of text/sound track or separate title | ger |
| 100 1# - MAIN ENTRY--PERSONAL NAME | |
| Personal name | Gumpel, Werner |
| Relator term | Ed. |
| 245 00 - TITLE STATEMENT | |
| Title | Die Jugoslawische Wirtschaft. |
| Remainder of title | Gegenwart und Zukunft |
| 260 ## - PUBLICATION, DISTRIBUTION, ETC. | |
| Place of publication, distribution, etc. | München : |
| Name of publisher, distributor, etc. | Südosteuropa-Gesellschaft, |
| Date of publication, distribution, etc. | 1988. |
| 300 ## - PHYSICAL DESCRIPTION | |
| Extent | 105 S. ; |
| Dimensions | 21cm. |
| 490 ## - SERIES STATEMENT | |
| Series statement | Südosteuropa aktuell |
| Volume/sequential designation | 4 |
| 651 ## - SUBJECT ADDED ENTRY--GEOGRAPHIC NAME | |
| Geographic name | Yugoslavia |
| 942 ## - ADDED ENTRY ELEMENTS (KOHA) | |
| Koha item type | Book |
| Withdrawn status | Lost status | Damaged status | Not for loan | Home library | Current library | Shelving location | Date acquired | Inventory number | Total Checkouts | Barcode | Date last seen | Price effective from | Koha item type | Full call number |
|---|---|---|---|---|---|---|---|---|---|---|---|---|---|---|
| WIIW | WIIW | Library | 08/04/2004 | 5795 | 10001044 | 01/26/2017 | 01/26/2017 | Book | ||||||
| WIIW | WIIW | Souterrain | 09/28/1992 | 753 | 300751 | 01/26/2017 | 01/26/2017 | Book | I-4.953/4 |
